00296 2200133 4500001002100000005001500021035002000036245003500056300000800091260003100099082000800130084001200138990001200150INLIS00000000000240420250528121339 a0010-0525000696 aThree Angels Puls /cEsi Luhur a180 aJakarta :bGramedia,c2007 a813 a813 THR a0713422